Word Ladder: Monopoly Spots Quiz Stats

Quiz Updated May 2, 2018

Challenge
Share
Tweet
Embed
Score 0/38 Timer 03:00
4 Plays Today
HINT 4-LETTER WORD % Correct
Canine commentBARK
95%
• ____ PLACE •• PARK •
94.9%
The other white meatPORK
94.2%
Water or wishing siteWELL
92.5%
• BOARD____• WALK •
92.3%
Prepare a postage stampLICK
92.3%
Lyme's disease carrierTICK
91.8%
• KEN____Y AVENUE •• TUCK •
90.1%
Matador's horny foeBULL
90%
RingerBELL
88.7%
John Candy's 'Uncle ____'BUCK
88.3%
HesitateBALK
87.5%
Poppy, fennel, or sesame, e.g.SEED
87.4%
Bubbly bandleader LawrenceWELK
87.1%
• NEW ____ AVENUE •• YORK •
86.7%
MitesLICE
84.2%
• GO DIRECTLY TO ____• JAIL •
83.6%
MailedSENT
82.6%
ObservedSEEN
82.3%
HINT 4-LETTER WORD % Correct
SizeBULK
82.3%
Beach bucketPAIL
81.6%
Rosary unitBEAD
81.4%
Chair or stoolSEAT
79.9%
• ____ING RR •• READ •
79.3%
Marsh plantREED
77.2%
• SHORT ____• LINE •
76.7%
Period before EasterLENT
76.3%
Fiber dustLINT
73.6%
Furry animal hidePELT
71.7%
Coffin coveringPALL
69.5%
DistortBEND
69.3%
____ MellPELL
69.2%
Confined or restrainedPENT
67.6%
• ____NOR AVENUE •• VENT •
64%
Offer for saleVEND
59%
British machine gunSTEN
56.2%
Marsh on 'South ParkSTAN
56.1%
• ____ES AVENUE •• STAT •
54.5%

Today's Daily Dose

Word Ladder
Summertime

On This Day
June 23rd II

You're not logged in!

Compare scores with friends on all Sporcle quizzes.
Join for Free
OR
Log In

You Might Also Like...

Show Comments

Extras

Top Quizzes Today


Score Distribution

Your Account Isn't Verified!

In order to create a playlist on Sporcle, you need to verify the email address you used during registration. Go to your Sporcle Settings to finish the process.

Report this User

Report this user for behavior that violates our Community Guidelines.

Details: